LDR 01062naa#a2200193#i#450# 001 RU\RIOR\bibl\126189 005 20260629073049.1 011 ## _a2409-6024 100 ## _a20260530b2026####ek#y0rusy0150####ca 102 ## _aRU 200 1# _aИнновационная составляющая экономической безопасности в промышленном секторе региональной экономики _eЖурнальная статья 210 1# _aМосква _cООО "Издательский Центр РИОР" _d2026 215 ## _a13 с. 608 ## _aЖурнальная статья _2local 675 ## _aЭкономическое положение. Экономическая политика. Управление и планирование в экономике. Производство. Услуги. Цены. 338 _z 700 #1 _aСеребрякова _gТатьяна Юрьевна 700 #1 _aФедорова _gЛюдмила Петровна 700 #1 _aХмелев _gСергей Александрович 856 4# _arusjm.ru _u